| Tag |
First Indicator |
Second Indicator |
Subfields |
| LEADER |
00000cam a2200000 a 4500 |
| 001 |
in00000009754 |
| 005 |
20230714092159.0 |
| 008 |
880919s1987 enk b 100 0 eng |
| 010 |
|
|
|a 87206839
|
| 019 |
|
|
|a 16907629
|
| 020 |
|
|
|a 0852963548
|q (pbk.)
|
| 020 |
|
|
|a 9780852963548
|q (pbk.)
|
| 029 |
1 |
|
|a AU@
|b 000005636721
|
| 029 |
1 |
|
|a NLGGC
|b 049081667
|
| 029 |
1 |
|
|a NZ1
|b 3330565
|
| 035 |
|
|
|a (OCoLC)ocm18589427
|
| 035 |
|
|
|a (OCoLC)18589427
|z (OCoLC)16907629
|
| 035 |
|
|
|a (OCoLC)ocm18589427
|
| 040 |
|
|
|a DLC
|b eng
|c DLC
|d OCL
|d BTCTA
|d OCLCO
|d OCLCF
|d OCLCQ
|d OCLCO
|d OCLCQ
|d OCL
|d OCLCO
|
| 050 |
0 |
0 |
|a TL272.5
|b .I575 1987
|
| 082 |
0 |
0 |
|a 629.2/549
|2 19
|
| 111 |
2 |
|
|a International Conference on Automotive Electronics
|n (6th :
|d 1987 :
|c London, England)
|
| 245 |
1 |
0 |
|a Sixth International Conference on Automotive Electronics, 12-15 October 1987 /
|c organised by the Computing and Control and Electronics Divisions of the Institution of Electrical Engineers and the Automobile Division of the Institution of Mechanical Engineers, in association with the Institution of Electronic and Radio Engineers [and others].
|
| 260 |
|
|
|a London :
|b IEE,
|c ©1987.
|
| 300 |
|
|
|a viii, 288 pages ;
|c 30 cm.
|
| 336 |
|
|
|a text
|b txt
|2 rdacontent
|
| 337 |
|
|
|a unmediated
|b n
|2 rdamedia
|
| 338 |
|
|
|a volume
|b nc
|2 rdacarrier
|
| 490 |
1 |
|
|a IEE conference publication,
|x 0537-9989 ;
|v no. 280
|
| 500 |
|
|
|a Includes "Conference publication part 2" (70 p. : ill. ; 30 cm.).
|
| 504 |
|
|
|a Includes bibliographical references.
|
| 650 |
|
0 |
|a Automobiles
|x Electronic equipment
|v Congresses.
|
| 650 |
|
6 |
|a Automobiles
|x Équipement électronique
|v Congrès.
|
| 650 |
|
7 |
|a Automobiles
|x Electronic equipment.
|2 fast
|0 (OCoLC)fst00823428
|
| 655 |
|
7 |
|a Conference papers and proceedings.
|2 fast
|0 (OCoLC)fst01423772
|
| 710 |
2 |
|
|a Institution of Electrical Engineers.
|b Computing & Control Division.
|
| 710 |
2 |
|
|a Institution of Electrical Engineers.
|b Electronics Division.
|
| 710 |
2 |
|
|a Institution of Mechanical Engineers (Great Britain).
|b Automobile Division.
|
| 740 |
0 |
|
|a Automotive electronics.
|
| 776 |
0 |
8 |
|i Online version:
|a International Conference on Automotive Electronics (6th : 1987 : London, England).
|t Sixth International Conference on Automotive Electronics, 12-15 October 1987.
|d London : IEE, ©1987
|w (OCoLC)721048791
|
| 830 |
|
0 |
|a IEE conference publication ;
|v no. 280.
|x 0537-9989
|
| 938 |
|
|
|a Baker and Taylor
|b BTCP
|n 87206839
|
| 948 |
|
|
|h HELD BY TXA - 78 OTHER HOLDINGS
|
| 994 |
|
|
|a Z0
|b TXA
|
| 999 |
f |
f |
|s 35e2df95-fd31-3c4a-8389-d3c7e25b016e
|i 7539bf3d-5bd8-3621-98d1-39c3b8f54df7
|t 0
|
| 952 |
f |
f |
|p ric
|a Texas A&M University
|b Rellis Campus
|c Joint Library Facility
|s JLF
|d Remote Storage
|t 0
|e TL272.5 .I575 1987
|h Library of Congress classification
|i unmediated -- volume
|m A14812604728
|